| 000 | 00323nam a2200109 4500 | ||
|---|---|---|---|
| 999 |
_c13536 _d13536 |
||
| 008 | 190328b ||||| |||| 00| 0 eng d | ||
| 245 | _aSchool officials warned vs tobacco industry interference. | ||
| 260 |
_aPhilippines _bThe Philippine Star _cc2017 |
||
| 300 | _apage F1. | ||
| 650 | 0 |
_937810 _aIndustries. |
|
| 942 |
_2ddc _cPER |
||